000 01011nam a2200313 a 4500
003 DO-SdBNP
005 20250128124510.0
007 ta
008 220614e2018 rd ||||er|||| 00| 0 spa d
020 _a9789945902471
040 _aDO-SdBNP
_bspa
_cBNPHU
_erda
041 _hspa
082 4 _axxx
_bH557o 2018
_222
100 1 _aInirio, Juan
_d1991
_eautor
_985187
245 1 0 _aEl oráculo ardiendo. /
_cJuan Hernández Inirio; Prólogo, Tony Raful
250 _a2da. edición
264 _aSanto Domimgo :
_bPoetas de la Era,
_c2018
300 _a75 páginas ;
_c23 cm.
336 _ardacontent
_btexto
_2txt
337 _ardamedia
_bsin mediación
_2n
338 _ardacarrier
_bvolumen
_2nc
500 _aIncluye datos biográficos del autor en las solapas de las cubiertas.
590 _aInventariado 2022 / MF
650 0 _aLiteratura dominicana.
_xRepública Dominicana
_967
650 0 _aPoesía dominicana
_978060
700 _aRaful, Tony
_ePrólogo
_982882
910 _aMFeliz
942 _2ddc
_cLBS1
999 _c52040
_d52040